La pluralidad de emisión en España, 1844-1874 / (Record no. 187660)

MARC details
000 -LEADER
campo de control de longitud fija 01033nam a2200289 i 4500
001 - NÚMERO DE CONTROL
campo de control 187660
003 - IDENTIFICADOR DE NÚMERO DE CONTROL
campo de control ES-MaACL
005 - FECHA Y HORA DE LA ÚLTIMA TRANSACCIÓN
campo de control 20250902225557.0
008 - DATOS DE LONGITUD FIJA--INFORMACIÓN GENERAL
campo de control de longitud fija 171215s2016 sp d |||| | spa d
020 ## - NÚMERO INTERNACIONAL ESTÁNDAR DEL LIBRO
Número Internacional Estándar del Libro 978-84-92937-63-9
080 ## - NÚMERO DE LA CLASIFICACIÓN DECIMAL UNIVERSAL
Número de la Clasificación Decimal Universal 336.711(460)"18"
245 03 - MENCIÓN DEL TÍTULO
Título La pluralidad de emisión en España, 1844-1874 /
Mención de responsabilidad, etc. edición a cargo de Carles Sudrià Triay, Yolanda Blasco-Martel ; Mercedes Bernal Lloréns ... [et al.].
250 ## - MENCION DE EDICION
Mención de edición 1ª ed.
260 ## - PUBLICACIÓN, DISTRIBUCIÓN, ETC.
Lugar de publicación, distribución, etc. Bilbao :
Nombre del editor, distribuidor, etc. Fundación BBVA,
Fecha de publicación, distribución, etc. 2016.
300 ## - DESCRIPCIÓN FÍSICA
Extensión 709 p. :
Otras características físicas gráf. ;
Dimensiones 24 cm.
500 ## - NOTA GENERAL
Nota general Índices.
504 ## - NOTA DE BIBLIOGRAFÍA, ETC.
Nota de bibliografía, etc. Bibliografía: p. 675-696.
650 #4 - PUNTO DE ACCESO ADICIONAL DE MATERIA--TÉRMINO DE MATERIA
Término de materia o nombre geográfico como elemento de entrada Bancos-
Subdivisión geográfica España-
Subdivisión cronológica S.XIX.
9 (RLIN) 10490
651 #4 - PUNTO DE ACCESO ADICIONAL DE MATERIA--NOMBRE GEOGRÁFICO
Nombre geográfico España-
Subdivisión general Política monetaria-
Subdivisión cronológica S.XIX
9 (RLIN) 8438
700 1# - ENTRADA AGREGADA--NOMBRE PERSONAL
Nombre de persona Sudrià i Triay, Carles.
9 (RLIN) 108723
700 1# - ENTRADA AGREGADA--NOMBRE PERSONAL
Nombre de persona Blasco Gil, Yolanda.
9 (RLIN) 152193
700 1# - ENTRADA AGREGADA--NOMBRE PERSONAL
Nombre de persona Bernal Lloréns, Mercedes.
9 (RLIN) 163936
710 2# - ENTRADA AGREGADA--NOMBRE DE ENTIDAD CORPORATIVA
Nombre de entidad corporativa o nombre de jurisdicción como elemento de entrada Fundación BBVA
9 (RLIN) 4230
852 4# - LOCALIZACIÓN
Ubicación ES-MaACL
Número de control de estantería A-14158
itemnumber 194748
Sublocalización o colección R.151346
Ubicación en estantería Depósito 1
942 ## - ELEMENTOS DE ENTRADA SECUNDARIOS (KOHA)
Fuente del sistema de clasificación o colocación Clasificación decimal universal
Tipo de ítem Koha Libro impreso
Holdings
Estatus retirado Estado de pérdida Fuente del sistema de clasificación o colocación Estado de daño No para préstamo Biblioteca de origen Biblioteca actual Ubicación en estantería Fecha de adquisición Fuente de adquisición Total de préstamos Signatura topográfica completa Código de barras Visto por última vez Precio de reemplazo Tipo de ítem Koha
    Clasificación decimal universal     Biblioteca del Ateneo de Madrid Biblioteca del Ateneo de Madrid Depósito 1 15/12/2017 Donación   A-14158 1198212 23/02/2023 23/02/2023 Libro impreso